Estatísticas para Países que contêm uma letra - UU+

Clique aqui para jogar o quiz

Estatísticas Gerais

  • Esse quiz foi jogado 93 vezes
  • A pontuação média é 7 de 15

Estatísticas das Respostas

CategoriaPaís% Correto
3 x UUruguai
90%
2 x UUzbequistão
68%
2 x UTuvalu
63%
2 x UVanuatu
59%
2 x UQuirguistão
54%
2 x UGuiné-Bissau
46%
2 x UNauru
46%
2 x USudão do Sul
44%
2 x UGuiné Equatorial
42%
2 x UTurquemenistão
39%
2 x UTurquia
39%
2 x UBurundi
34%
2 x UAntígua e Barbuda
32%
2 x UPapua Nova Guiné
25%
2 x ULuxemburgo
24%

Distribuição das Pontuações

Percentil de Números Respondidos

Porcentagem de Pessoas com Cada Pontuação

Sua Pontuação Histórica

Você não jogou esse quiz